000 00848nam a2200253 a 4500
001 000016641
005 20200929164936.0
008 100308s1986 dr 000 0 spa d
040 _aDO-SdBNP
_beng
_cBNPHU
082 _axxxx
_bS837r
245 0 0 _aSteps in reading growth /
_cAngela M. de García ... [et. al] ; corrección Manacet Rodríguez.
260 _aSantiago de los Caballeros, República Dominicana,
_c1986.
300 _axxvii, 102 p. ;
_c28 cm.
490 1 _aCátedras
500 _aLa biblioteca posee el libro 1 y 2
700 1 _aS. Tavares, Rossy de
_936967
700 1 _aR. Torres, Virgina de
_936968
700 1 _aM. Veras, Rosario de
_936969
700 1 _aP. Villamil, Frieda de
_936970
700 1 _aF. Wachsmann, Heddy de
_936971
700 1 _aRodríguez, Manacet
_936972
830 0 _aCátedras
_936973
049 _aBNPD
999 _c16174
_d16174